| 000 | 01460cam a22003857i 4500 | ||
|---|---|---|---|
| 001 | 18029675 | ||
| 003 | EG-ScBUE | ||
| 005 | 20230515100425.0 | ||
| 008 | 140204r20172013enka f b 001 0 eng d | ||
| 020 | _a9781780763088 | ||
| 035 | _a(OCoLC)ocn828056418 | ||
| 040 |
_aBTCTA _beng _erda _cBTCTA _dBDX _dERASA _dCDX _dJHE _dYNK _dLML _dUKMGB _dOCLCF _dDLC _dEG-ScBUE |
||
| 043 | _ae-uk-en | ||
| 082 | 0 | 4 |
_222 _a307.341609421 _bCAM |
| 100 | 1 |
_aCampkin, Ben, _eauthor. |
|
| 245 | 1 | 0 |
_aRemaking London : _bdecline and regeneration in urban culture / _cBen Campkin. |
| 250 | _aReprint edition. | ||
| 264 | 1 |
_aLondon ; _aNew York : _bI.B. Tauris, _c2017. |
|
| 300 |
_axii, 242 pages : _billustrations (some color) ; _c24 cm. |
||
| 336 |
_atext _btxt _2rdacontent |
||
| 337 |
_aunmediated _bn _2rdamedia |
||
| 338 |
_avolume _bnc _2rdacarrier |
||
| 490 | 1 |
_aInternational library of human geography ; _v19 |
|
| 504 | _aIncludes bibliographical references and index. | ||
| 650 | 7 |
_aUrban renewal _zEngland _zLondon. _2BUEsh |
|
| 650 | 7 |
_aCity planning _zEngland _zLondon. _2BUEsh |
|
| 650 | 7 |
_aCommunity development _zEngland _zLondon. _2BUEsh |
|
| 651 | 7 |
_aLondon (England) _xSocial conditions. _2BUEsh |
|
| 651 | 7 |
_aLondon (England) _xEconomic conditions. _2BUEsh |
|
| 653 |
_bART _cMay2023 |
||
| 655 | _vReading book | ||
| 906 |
_a7 _bcbc _ccopycat _d2 _encip _f20 _gy-gencatlg |
||
| 942 |
_2ddc _cBB |
||
| 999 |
_c30370 _d30341 |
||